Central Library OPAC University of Rajshahi

An introduction to philosophical analysis / (Record no. 1184)

MARC details
000 -LEADER
fixed length control field 00765cam a2200265 4500
001 - CONTROL NUMBER
control field 1184
003 - CONTROL NUMBER IDENTIFIER
rucl marc code BD-RjUL
005 - DATE AND TIME OF LATEST TRANSACTION
control field 20211208233305.0
008 - FIXED-LENGTH DATA ELEMENTS--GENERAL INFORMATION
fixed length control field 131124r19731967enk 001 0 eng d
020 ## - INTERNATIONAL STANDARD BOOK NUMBER
International Standard Book Number 0710015607
035 ## - SYSTEM CONTROL NUMBER
System control number (BD-RjUL)1206
040 ## - CATALOGING SOURCE
Original cataloging agency DLC
Transcribing agency DLC
Modifying agency BD-RjUL
Language of cataloging eng
041 ## - LANGUAGE CODE
Language code of text/sound track or separate title eng
082 00 - DEWEY DECIMAL CLASSIFICATION NUMBER
Classification number 111.85
Edition number 19
Author mark and year HOI 1973
100 1# - MAIN ENTRY--PERSONAL NAME
Personal name Hospers, John,
Dates associated with a name 1918-2011.
9 (RLIN) 2794
245 13 - TITLE STATEMENT
Title An introduction to philosophical analysis /
Statement of responsibility, etc. John Hospers
250 ## - EDITION STATEMENT
Edition statement 2nd ed.
260 ## - PUBLICATION, DISTRIBUTION, ETC. (IMPRINT)
Place of publication, distribution, etc. London :
Name of publisher, distributor, etc. Routledge & K. Paul,
Date of publication, distribution, etc. c1953 [Reprinted 1970, 1971,1973]
300 ## - PHYSICAL DESCRIPTION
Pagination vi, 629 p. ;
Size 24 cm.
504 ## - BIBLIOGRAPHY, ETC. NOTE
Bibliography, etc Includes bibliographies
650 #0 - SUBJECT ADDED ENTRY--TOPICAL TERM
Topical term or geographic name as entry element Analysis (Philosophy)
9 (RLIN) 282
942 ## - ADDED ENTRY ELEMENTS (KOHA)
Source of classification or shelving scheme Dewey Decimal Classification
Koha item type Books
Holdings
Lost status Source of classification or shelving scheme Damaged status Not for loan Collection code Permanent Location Current Location Shelving location Date acquired Source of acquisition Cost, normal purchase price Total Checkouts Full call number Date last seen Date checked out Copy number Koha item type
  Dewey Decimal Classification     Non-fiction Central Library, University of Rajshahi Central Library, University of Rajshahi   05/01/1977 L.C 6.50 2 111.85 HOI 1973 11/12/2016 01/09/2016 C-5 Books
  Dewey Decimal Classification   Not For Loan Non-fiction Central Library, University of Rajshahi Central Library, University of Rajshahi Reading Room 17/06/1975 Johnathan Wren and co. 2.00   111.85 HOI 1973 24/11/2013   C-1 Books
  Dewey Decimal Classification     Non-fiction Central Library, University of Rajshahi Central Library, University of Rajshahi   03/07/1976 U. S. I. S.     111.85 HOI 1971 30/03/2014   C-10 Books
  Dewey Decimal Classification     Non-fiction Central Library, University of Rajshahi Central Library, University of Rajshahi     Jothanthan 2.00   111.85 HOI 1973 09/03/2015   C-2 Books
  Dewey Decimal Classification     Non-fiction Central Library, University of Rajshahi Central Library, University of Rajshahi   17/06/1975 Johnathan Wren and co. 2.00   111.85 HOI 1973 08/05/2016   C-3 Books